Missing Word: 'F' TV Shows Quiz Stats

 Plays Quiz Updated May 13, 2012

Support Sporcle.
Go Orange.
Score 0/28 Timer 04:00
0 Plays Today
TV Show F Word % Correct
Six ___ UnderFeet
99.3%
Kung ___Fu
98.2%
The Addams ___Family
98.1%
Wheel of ___Fortune
95.1%
America's ___ Home VideosFunniest
90.1%
___ and GeeksFreaks
85.4%
Grace Under ___Fire
83.1%
Late Night with Jimmy ___Fallon
83%
The ___ OddParentsFairly
82.7%
Monty Python's ___ CircusFlying
74.8%
___ of the ConchordsFlight
73.9%
Phineas and ___Ferb
72.8%
The Rockford ___Files
71.8%
Monday Night ___Football
70.7%
TV Show F Word % Correct
Hope & ___Faith
67.7%
My ___ MartianFavorite
63.9%
The ___ of LifeFacts
62.7%
The Jamie ___ ShowFoxx
62.4%
Queer as ___Folk
61.9%
___ CrestFalcon
57.2%
___ IslandFantasy
54.8%
___ TowersFawlty
54%
Absolutely ___Fabulous
53%
Jake and the ___Fatman
45.3%
___ Dowling MysteriesFather
43.6%
Kukla, ___ and OllieFran
41.4%
Phil of the ___Future
36.7%
___ 2-NightFernwood
6.6%

Today's Daily Dose

Missing Word
90s UK #1s

Word Ladder
Full Score

Quick Pick
Prime Books

Get the Picture
Big 4 'P' All-Stars

From the Vault

Movie Series by Original Director

by DarkPhalanx

Movies 8m
These series started off strong, but a few of them went horrible wrong.
Remove Ads.
Support Sporcle.
Get the best of Sporcle when you Go Orange. This ad-free experience offers more features, more stats, and more fun while also helping to support Sporcle. Thank you for becoming a member.

Show Comments

Extras

Top Quizzes Today


Score Distribution

Your Account Isn't Verified!

In order to create a playlist on Sporcle, you need to verify the email address you used during registration. Go to your Sporcle Settings to finish the process.

Report this User

Report this user for behavior that violates our Community Guidelines.

Details: